Čechoslovaki v Rossii 1914-1920

Bibliographic Details
Main Author: Dragomireckij, Vasilij Stepanovič 1865-1943 (Author)
Format: Book
Language:Russian
PhysicalDescription:III, 219 s. 25 cm
Published: Pariž Praga V.S. Dragomireckij 1928
Edition:1. vyd.
Subjects:

MARC

LEADER 00000cam a2200000 a 4500
001 vtls008290008
003 SK-MaSNL
005 20260311123911.0
008 200228s1928 xr g 001 0 rus
015 |a SNBA1928 
035 |a SVKPOKN101487 
035 |a urn:nbn:sk:snk-am3hvhp 
035 |a 0CDE7431-82B6-4C75-B4A6-A128A5E596B5 
035 |a urn:nbn:sk:snk-am00dagj 
040 |a SNK  |b slo  |c SNK  |e AACR2 
041 0 |a rus 
043 |a e-ru---  |a e-cs--- 
044 |a xr  |c CZ 
072 7 |a 94(100)  |x Svetové dejiny  |2 konspekt 
080 |a 94(100)"1914/1918"  |2 2011 
080 |a 355.318.2  |2 2011 
080 |a 355-051  |2 2011 
080 |a (470+571)  |2 2011 
080 |a (437)  |2 2011 
080 |a (048.8)  |2 2011 
100 1 |a Dragomireckij, Vasilij Stepanovič  |d 1865-1943  |4 aut  |9 397697 
245 1 0 |a Čechoslovaki v Rossii 1914-1920  |c V. S. Dragomireckij 
250 |a 1. vyd. 
260 |a Pariž  |a Praga  |b V.S. Dragomireckij  |c 1928 
300 |a III, 219 s.  |c 25 cm 
504 |a Bibliografické odkazy ; menný register 
650 0 7 |a prvá svetová vojna (1914-1918)  |2 SNKPH  |9 162650 
650 0 7 |a zahraničné vojenské jednotky  |2 SNKPH  |9 67719 
650 0 7 |a legionári  |2 SNKPH  |9 67718 
651 7 |a Rusko  |2 SNKPHgeo  |9 17250 
651 7 |a Československo  |2 SNKPHgeo  |9 21376 
655 7 |a monografie  |2 SNKPH  |9 70139 
958 |a NB 
958 |a RU 
958 |a SK 
958 |a CZ 
958 |a ONDV 
999 |c 647951  |d 649881 
952 |a SNK  |b SNK  |y VYP  |7 0  |p 17A1563730  |o snkSC 4109 D1  |i snkF 1564a/65  |0 0  |1 0  |4 0  |d 2025-01-24  |l 0  |r 2026-02-23 18:13:14  |w 2026-02-23 
952 |a SNK  |b SNK  |y PREZ  |7 0  |p 17A0748059  |o snkSC 4109  |i snk1152/49  |0 0  |1 0  |4 0  |d 2018-11-12  |f 1  |l 0  |r 2025-06-25 00:00:00  |w 2026-02-23